000 01376nkm0a2200337 4500
001 RU\NLR\BIBL_A\022719454
005 20260406032946.0
035 _a(NLR Aleph) 022719454
071 5 0 _d50 к.
_9500000
090 _a89225
_c89225
100 _a20260205d1945 b y0rusy50 ca
101 0 _arus
102 _aRU
116 _aiiyaxx bi zz
181 0 _ab4
_bxb2e
182 0 _an
200 1 _aЁлка в лесу
_e[книжка-гармошка
_fрисунки М. Бутровой
_gредактор Е. Волянская]
203 _aИзображение
_bнеподвижное
_bдвухмерное
_bвизуальное
_cнепосредственное
210 _a[Москва]
_cСоветский график
_d1945
_e[Москва]
_gТипо-литография Музгиза
215 _a1 л. (слож. в [12] с. ил., включ. обл.)
_d6,7х8,2
300 _aВ вып. дан.: 28/XI-45 г. А24885 ; Заказ 68
606 _aКнижки-игрушки
_3RU\NLR\AUTH\6601765960
_92696004
686 1 _aШ801.38
686 1 _aЧ617.67/68
700 1 _aБутрова
_bМ. Н.
_f1905-1989
_gМария Николаевна
_4440
942 _cVISUAL
945 _aРоссийская национальная библиотека
980 _aBV
980 _aNB